Welcome to CU Library Online Public Access Catalogue (OPAC)

Law and the life insurance contract / (Record no. 3130)

MARC details
000 -LEADER
fixed length control field 00711cam a2200229 a 4500
001 - CONTROL NUMBER
control field 2997392
005 - DATE AND TIME OF LATEST TRANSACTION
control field 20250127204427.0
008 - FIXED-LENGTH DATA ELEMENTS--GENERAL INFORMATION
fixed length control field 930720s1994 ilu 001 0 eng
020 ## - INTERNATIONAL STANDARD BOOK NUMBER
International Standard Book Number 0256135665
050 00 - LIBRARY OF CONGRESS CALL NUMBER
Classification number KF1175
Item number .G7 1994
082 00 - DEWEY DECIMAL CLASSIFICATION NUMBER
Classification number 346.73/08632
-- 347.3068632
Edition information 20
100 1# - MAIN ENTRY--PERSONAL NAME
Personal name Crawford, Muriel L.
245 10 - TITLE STATEMENT
Title Law and the life insurance contract /
Statement of responsibility, etc. Muriel L. Crawford.
250 ## - EDITION STATEMENT
Edition statement 7th ed.
260 ## - PUBLICATION, DISTRIBUTION, ETC.
Place of publication, distribution, etc. Burr Ridge, Ill. :
Name of publisher, distributor, etc. Irwin,
Date of publication, distribution, etc. c1994.
300 ## - PHYSICAL DESCRIPTION
Extent xx, 694 p. ;
Dimensions 25 cm.
440 #4 - SERIES STATEMENT/ADDED ENTRY--TITLE
Title The Irwin series in finance
500 ## - GENERAL NOTE
General note Includes index.
650 #0 - SUBJECT ADDED ENTRY--TOPICAL TERM
Topical term or geographic name entry element Life insurance
General subdivision Law and legislation
Geographic subdivision United States.
650 #0 - SUBJECT ADDED ENTRY--TOPICAL TERM
Topical term or geographic name entry element Life insurance policies
Geographic subdivision United States.
942 ## - ADDED ENTRY ELEMENTS (KOHA)
Source of classification or shelving scheme Library of Congress Classification
Koha item type Books
Suppress in OPAC No
999 ## -
-- 3130
-- 3130

No items available.

© 2023-2024 Copyright: Central University Libraries. All Rights Reserved | Created by: Mahone Tech Office